000 01523cam a2200385 a 4500
001 EDZ0000117356
003 StDuBDS
005 20161031105201.0
006 m||||||||d||||||||
007 cr |||||||||||
008 130111s2010 enka fo| 000|0|eng|d
020 _a9781446263310 (ebook) :
_cNo price
040 _aStDuBDS
_beng
_cStDuBDS
_epn
049 _aAlfaisal Main Library
050 0 _aHD31
_b.S226 2010
082 0 4 _a658
_223
245 0 0 _aSAGE directions in organization studies
_h[electronic resource] /
_cedited by Stewart Clegg.
246 3 0 _aDirections in organization studies
260 _aLondon :
_bSAGE,
_c2010.
300 _a1 online resource (4 v.) :
_bill.
490 1 _aSAGE library in business and management
520 8 _aThis four-volume set brings together over 60 of the key papers published in SAGE books and journals since the turn of the millennium, many of which are not easily available in traditional library holdings.
521 _aSpecialized.
588 _aDescription based on print version record.
504 _aIncludes bibliographical references.
650 0 _aManagement.
650 0 _aOrganizational behavior.
655 7 _aElectronic books.
_2local
700 1 _aClegg, Stewart.
710 2 _aSage eBooks
776 0 8 _iPrint version :
_z9781848608689
830 0 _aSAGE library in business and management.
856 4 0 _uhttp://ezproxy.alfaisal.edu/login?url=http://sk.sagepub.com/navigator/sage-directions-in-organization-studies
942 _2lcc
_cEBOOKS
999 _c481155
_d481155